| 000 | 01687cam a22004337i 4500 | ||
|---|---|---|---|
| 001 | 2335 | ||
| 005 | 20250617152157.0 | ||
| 020 |
_a9780062289186 _q(hardcover) |
||
| 020 |
_a0062289187 _q(hardcover) |
||
| 020 | _a9780439795999 | ||
| 020 |
_a9780062289179 _q(paperback) |
||
| 020 |
_a0062289179 _q(paperback) |
||
| 040 |
_aYDX _beng _cYDX _erda _dBDX _dOCLCQ _dGK8 _dIEB _dOCLCF _dUAP _dJAI _dIUK _dMDB _dNDS _dNYP _dYU2 _dCHILD _dVP@ _dDLC |
||
| 050 | 0 | 0 |
_aQE432.2 _b.S56 2017 |
| 082 | 0 | 4 |
_a552 _223 |
| 100 | 1 | _aSimon, Seymour | |
| 245 | 1 | 0 |
_aRocks & minerals / _cSeymour Simon |
| 246 | 3 | _aRocks and minerals | |
| 246 | 1 |
_iSubtitle on cover: _aAll about identifying, classifying, rockhounding, and more! |
|
| 250 | _aFirst printing, November 2008 | ||
| 260 |
_aNew York : _bScholastic, _c2008 |
||
| 300 |
_a48 pages : _billustrations _c23 cm |
||
| 500 | _aIncludes index. | ||
| 520 | _aScience writer Seymour Simon explains to readers the different types of rocks and minerals with facts and full-color photographs. Readers will learn how to identify and classify various kinds of stones, such as granite, sandstone, basalt, quartz, and crystal. | ||
| 650 | 0 |
_aRocks _vJuvenile literature. |
|
| 650 | 0 |
_aMinerals _vJuvenile literature. |
|
| 650 | 1 | _aRocks. | |
| 650 | 1 | _aMinerals. | |
| 650 | 4 | _aRocks. | |
| 650 | 4 |
_aRocks _xJuvenile literature. |
|
| 650 | 4 |
_aMinerals _xJuvenile literature. |
|
| 650 | 4 | _aMinerals. | |
| 650 | 7 |
_aMinerals. _2fast _0(OCoLC)fst01022445 |
|
| 650 | 7 |
_aRocks. _2fast _0(OCoLC)fst01099409 |
|
| 655 | 4 | _aJuvenile works. | |
| 655 | 7 |
_aJuvenile works. _2fast _0(OCoLC)fst01411637 |
|
| 906 |
_a7 _bcbc _ccopycat _d2 _eepcn _f20 _gy-gencatlg |
||
| 942 |
_2ddc _cBK _n0 |
||
| 999 |
_c2335 _d2335 |
||